| 000 | 00944nam a22002771 4500 | ||
|---|---|---|---|
| 001 | 30597 | ||
| 003 | BD-RjUL | ||
| 005 | 20211209051604.0 | ||
| 008 | 140410r19491912enk b 001 0 eng d | ||
| 035 | _a(BD-RjUL)30683 | ||
| 040 |
_aDLC _cDLC _dDLC _dBD-RjUL _beng |
||
| 041 | 1 | _aenggrc | |
| 082 | 0 | 0 |
_a185 _bARW V-5 1949 |
| 100 | 0 |
_aAristotle. _992957 |
|
| 245 | 1 | 4 |
_aThe works of Aristotle / _ctranslated into English under the editorship of W.D. Ross. _nVolume V : _pDe partibus animalium. |
| 260 |
_aOxford : _bClarendon Press, _c1912 [reprinted 1949]. |
||
| 300 |
_avarious pages ; _c23 cm. |
||
| 504 | _aIncludes bibliographical references and index. | ||
| 600 |
_aAristotle. _9141982 |
||
| 650 | 0 |
_aPhilosophy. _992958 |
|
| 700 | 1 |
_aRoss, W. D. _q(William David), _d1877-1971, _eed. _987306 |
|
| 700 | 1 |
_aSmith, J. A. _q(John Alexander), _d1863-1939, _ejoint ed. _992959 |
|
| 942 |
_2ddc _cBK |
||
| 999 |
_c30597 _d30597 |
||